| 000 | 01679nab a2200241 i 4500 | ||
|---|---|---|---|
| 001 | 768714001 | ||
| 003 | CO-MdFUSB | ||
| 005 | 20240618062727.0 | ||
| 008 | 240617t1986 us ||||| |||| 00| 0 eng d | ||
| 040 |
_bspa _cCO-MdFUSB _dCO-MdFUSB |
||
| 041 | _aeng | ||
| 100 |
_aCostas, Orlando E. _eautor |
||
| 245 | 3 |
_aThe mission of ministry _c/ Orlando E. Costas |
|
| 520 | _aEste artículo explora el significado misiológico del ministerio ordenado. Sostiene que el ministerio es un don del Espíritu a la iglesia en misión. Utilizando el caso de la iglesia antioqueña y sus implicaciones misionológicas como punto de referencia, subraya la naturaleza pneumático-vocacional del ministerio y el requisito concomitante de una formación ministerial informada por las prioridades históricas de la misión de Dios. Costas propone tres prioridades para la agenda del ministerio ordenado en el último cuarto del siglo XX: (1) ayudar a la iglesia a enfrentar el desafío de aquellos que aún no han escuchado el evangelio y lo consideran una opción para sus vidas, (2 ) permitir a la iglesia responder al clamor de “los contra quienes pecaron”, y (3) desafiar a la iglesia a convertirse en un instrumento eficaz y un signo de solidaridad humana y unidad cristiana. | ||
| 546 | _aTexto en inglés. | ||
| 650 | 0 |
_aMisiones _9154 |
|
| 650 | 7 |
_aTeología de la liberación _9449 |
|
| 650 | 7 |
_aIglesia _9655 |
|
| 650 | 0 |
_aEspíritu Santo _950 |
|
| 773 | 0 |
_070215 _982773 _dPensilvania, Estados Unidos _oR2648 _tMissiology _w(CO-MdFUSB)768714001 _gVolumen14, (número 4, 1986) páginas: 463 - 472 _qpágina: 463 |
|
| 942 | _cANA | ||
| 945 | _aCatherine Arias Álvarez - Practicante SENA | ||
| 999 |
_c70236 _d70236 |
||